| 000 | 01293nam a2200277 i 4500 | ||
|---|---|---|---|
| 001 | 6240 | ||
| 003 | ES-MaACL | ||
| 005 | 20251220174143.0 | ||
| 007 | t| | ||
| 008 | 890908s1989 sp ||||0| spa d | ||
| 020 | _a84-505-3977-3 | ||
| 080 | _a371.91/92 | ||
| 111 | 0 |
_aSeminario sobre la Problemática de la Integración en EGB de Niños con Minusvalías _d(1986. _cMadrid) _91058 |
|
| 245 | 1 | 0 |
_aIntegración en EGB, una nueva escuela _b: ponencias y conclusiones del Seminario sobre la Problemática de la Integración en EGB de Niños con minusvalías celebrada por la Fundación Banco Exterior en Madrid entre los dias 3 al 7 de febrero de 1986 / _cedición al cuidado de José Antonio Rodríguez. |
| 250 | _a2a ed. | ||
| 260 |
_aMadrid : _bFundación Banco Exterior, _c1989. |
||
| 300 |
_a247 p. ; _c23 cm. |
||
| 490 | 1 | _aColección Seminarios y cursos | |
| 504 | _aBibliogr.: p. 239-242. | ||
| 650 | 1 | 4 |
_aPedagogía social- _zEspaña- _vCongresos y asambleas _913839 |
| 700 | 1 |
_aRodríguez, José Antonio. _998255 |
|
| 711 | 0 |
_aSeminario sobre la Problemática de la Integración de Niños con Minusvalías _d(1986. _cMadrid) _91057 |
|
| 830 | 0 |
_aColección Seminarios y cursos _9177486 |
|
| 852 |
_aES-MaACL _jL-13371 _bR.117019 _z. - rust. |
||
| 999 |
_c6240 _d6240 |
||